| 000 | 00984cam a22003017a 4500 | ||
|---|---|---|---|
| 003 | CHAP | ||
| 005 | 20220329140202.0 | ||
| 008 | 971013s1952 r 00010 d | ||
| 010 | _a48241 | ||
| 011 | _a49213 | ||
| 035 | _a53361 | ||
| 040 | _cCHAP | ||
| 082 |
_a634.94 _bR52 |
||
| 100 | 0 | 0 |
_aRichards, Oswain Westacott. _997255 |
| 245 | 1 | 4 | _aThe tropical rain forest, an ecological study |
| 260 |
_aCambridge : _bUniversity Press, _c1952 |
||
| 300 |
_a450 p. _b: ilus. |
||
| 590 |
_aBATCH-UPD _b10 _c20130110 _lUCH01 _h1653 |
||
| 590 |
_aBATCH-UPD _b10 _c20130410 _lUCH01 _h1042 |
||
| 590 |
_aBATCH-UPD _b10 _c20130914 _lUCH01 _h0714 |
||
| 590 |
_aCONVERSION _b10 _c20130109 _lUCH01 _h1326 |
||
| 650 | 1 | 4 |
_aBosques _xTrópicos. _914401 |
| 650 | 1 | 4 |
_aEcología forestal. _935176 |
| 901 | _aBK | ||
| 942 | _cLIBRO | ||
| 949 |
_a634.94 R52 _bBC _cLIBRO _d33724000248902 _eLIBRO _h23741 _i53361 _si _t726.00 |
||
| 949 |
_a634.94 R52 _bBC _cLIBRO _d33724002021108 _eLIBRO _fc.2 _h39849 _i53361 _si _t726.00 |
||
| 999 |
_c48241 _d48241 |
||